All SEVENTEEN Songs (until Happy Burstday) - Statistics

General Stats
  • This quiz has been taken 69 times
    22 since last reset
  • The average score is 94 of 165
Answer Stats
Answer % Correct
Home
100%
HOT
100%
CLAP
93%
MAESTRO
93%
Rock
93%
Rock with you
93%
Super
93%
VERY NICE
93%
Who
93%
_WORLD
93%
Adore U
86%
God of Music
86%
HBD
86%
HOME;RUN
86%
Ready to love
86%
Ash
79%
Bad Influence (Prod. by Pharrell Williams)
79%
BOOMBOOM
79%
CHEERS
79%
Circles
79%
Darl+ing
79%
Don’t Wanna Cry
79%
F*ck My Life
79%
Happy Virus (DK Solo)
79%
Jungle (S.COUPS Solo)
79%
LALALI
79%
Left & Right
79%
LOVE, MONEY, FAME (ft.DJ Khaled)
79%
Mansae
79%
Rain
79%
THUNDER
79%
To you
79%
99.9% (WONWOO Solo)
71%
April Shower
71%
’bout you
71%
CALL CALL CALL!
71%
Candy
71%
Cheers to youth
71%
Diamond Days
71%
Domino
71%
Fear
71%
Fortunate Change (JOSHUA Solo)
71%
My My
71%
Our dawn is hotter than day
71%
Pretty U
71%
Run to You
71%
Shadow
71%
Anyone
64%
DON QUIXOTE
64%
Gemini (JUN Solo)
64%
Heaven’s Cloud
64%
HIT
64%
Kidult
64%
Light a flame (JUN, HOSHI, WONWOO, WOOZI)
64%
Lilili Yabbay
64%
Love Letter
64%
March
64%
Oh My!
64%
PANG!
64%
Shining Diamond
64%
Skyfall (THE 8 Solo)
64%
SOS (prod.Marshmello)
64%
SPELL
64%
THANKS
64%
2 MINUS 1 (JOSHUA & VERNON)
57%
Back 2 Back
57%
Back It Up
57%
Campfire
57%
Coincidence (JEONGHAN Solo)
57%
Crush
57%
Dust
57%
Eyes on you
57%
Fallin’ Flower
57%
Fearless
57%
Fire
57%
Flower (S.COUPS, JEONGHAN, WONWOO, THE8, SEUNGKWAN, DINO)
57%
GAM3 BO1
57%
Hug
57%
Pinwheel
57%
Raindrops (SEUNGKWAN Solo)
57%
Shake It Off (MINGYU Solo)
57%
Shining Star (Vernon Solo)
57%
Trigger (DINO Solo)
57%
Yawn
57%
BEAUTIFUL
50%
CHANGE UP
50%
Chilli
50%
Come to me
50%
Damage (HOSHI Solo) (feat. Timbaland)
50%
Destiny (WOOZI Solo)
50%
Fronting
50%
Happy Ending
50%
Healing
50%
HIGHLIGHT
50%
I don’t Understand But I Luv U
50%
Imperfect love
50%
Jam Jam
50%
Lean On Me
50%
Let me hear you say
50%
Monster
50%
Not Alone
50%
Power of Love
50%
Same dream, same mind, same night
50%
Sara Sara
50%
Snap Shoot
50%
Thinkin’ about you
50%
Together
50%
Water
50%
1 TO 13
43%
20
43%
24H
43%
AH! LOVE (S.COUPS, JEONGHAN, JOSHUA)
43%
Ah Yeah
43%
Crazy in Love
43%
Do Re Mi (SEUNGKWAN, VERNON, DINO)
43%
Fast Pace
43%
Getting Closer
43%
Good to Me
43%
HEY BUDDY (THE8, MINGYU, DK)
43%
Hit Song
43%
Holiday
43%
I can’t run away
43%
If I
43%
IF you leave me
43%
Intro. New World
43%
Lie Again
43%
MOONWALKER
43%
MY I (JUN & THE8)
43%
Network Love (Joshua, Jun, The8, & Vernon)
43%
OMG
43%
Outro. Incompletion
43%
ROCKET (JOSHUA & VERNON)
43%
Second Life
43%
Smile Flower
43%
Swimming Fool
43%
TRAUMA
43%
Wave
43%
Without You
43%
247
36%
All My Love
36%
BRING IT (HOSHI & WOOZI)
36%
Chuck
36%
Don’t Listen In Secret
36%
DREAM
36%
Drift Away
36%
Falling For You
36%
Habit
36%
Headliner
36%
Hello (JUN, MINGYU & DK)
36%
I Don’t Know
36%
I Wish
36%
NO F.U.N
36%
Say Yes
36%
SIMPLE
36%
Still Lonely
36%
What’s Good
36%
When I Grow Up
36%
Check-In
29%
God of Light Music
29%
Lucky
29%
Shhh
29%
Space
29%
Shohikigen
21%
Dirty Dancing (ft. New Kids On The Block)
7%
where love passed
7%
No matching quizzes found
Score Distribution
Percent of People with Each Score
Percentile by Number Answered
Your Score History
You have not taken this quiz since the last reset